| 000 | 00508nam a2200157 i 4500 | ||
|---|---|---|---|
| 001 | 30947 | ||
| 003 | ES-MaACL | ||
| 007 | t| | ||
| 008 | 030127s1900 fr ||||1| fre d | ||
| 100 | 1 |
_aBarzellotti, Giacomo. _926220 |
|
| 245 | 1 | 3 |
_aLa philosophie de H. Taine / _cpar Giacomo Barzellotti ; traduit de l'italien par Auguste Dietrich. |
| 260 |
_aParís : _bFélix Alcan, _c1900 ( _fTours E. Arrault) |
||
| 300 |
_aXXVII, 440 p. ; _c22 cm. |
||
| 700 | 1 |
_aDietrich, Auguste. _944621 |
|
| 852 |
_aES-MaACL _jB-6187 |
||
| 999 |
_c30947 _d30947 |
||